| 000 | 00475nam a22001697a 4500 | ||
|---|---|---|---|
| 003 | CEME | ||
| 005 | 20210628205401.0 | ||
| 008 | 210315b xxu||||| |||| 00| 0 eng d | ||
| 020 | _a9971-50-320-4 | ||
| 040 | _c. | ||
| 082 | _a621.366 LAS'S | ||
| 100 |
_aSpasov, A. Y _975279 |
||
| 245 | _aLasers and their applications proceedings of the 4th summer school on quantum electronics | ||
| 260 |
_aSINGAPORE _bWORLD SCIENTIFIC _c1987 |
||
| 300 | _aIX, 592P | ||
| 942 |
_cBK _2ddc |
||
| 999 |
_c580726 _d580726 |
||